000 00752nam a2200205 a 4500
001 000022833
005 20200930021826.0
008 101119s1979 cu r 000 0 spa d
040 _aDO-SdBNP
_bspa
_cBNPHU
082 _a928.9173
_bS692r
100 1 _aRezac, Tomás,
_d1935-
_946922
245 1 0 _aLa espiral de la traición de Solzhenitsin /
_cTomás Rezac; traducción de Ernesto López Aparicio ; edición, Evaristo García.
260 _aLa Habana, Cuba :
_bArte y literatura,
_c1979.
300 _a307, [4] p. ;
_c20 cm.
600 1 4 _aSOLZHENITSYN, ALESANDR,
_d1918-2008
_xBIOGRAFÍA
_946923
650 4 _aAutores estadounidense
_946924
700 1 _aLópez Aparicio, Ernesto
_etr.
_946925
700 1 _aGarcía, Evaristo
_eed.
_99780
049 _aBNGR
999 _c22330
_d22330